| 000 | 00560nam a2200181Ia 4500 | ||
|---|---|---|---|
| 003 | GCL | ||
| 008 | 140319s9999 xx 000 0 ara d | ||
| 040 |
_aGCL / _cGCL |
||
| 082 | 0 | 4 |
_a421.52 _bم م |
| 100 | 1 | _aمحمد عبدالرازق مناع | |
| 245 | 1 | 0 |
_aالمرشد فى تعليم الانجليزية / _cمحمد عبدالرازق مناع |
| 260 |
_a[S.N] : _b2000 للثقافة والنشر ، _c1991 |
||
| 300 | _a118 | ||
| 490 | _a | ||
| 650 | 0 | 4 | _aاللغة الانجليزية |
| 650 | 0 | 4 | _aتعليم اللغات |
| 942 |
_2ddc _cBK |
||
| 999 |
_c46673 _d46673 |
||